| 000 | 00313nam a2200109Ia 4500 | ||
|---|---|---|---|
| 008 | 230907s9999||||xx |||||||||||||| ||und|| | ||
| 082 |
_a621.3121 _bPOW |
||
| 245 | 0 | _aPower plant life management and performance improvement / | |
| 260 |
_aWoodhead Publishing, _bOxford : _c2011 |
||
| 300 | _axx, 684 p. | ||
| 942 | _cBK | ||
| 999 |
_c598703 _d598703 |
||